| 000 | 00713nam a2200181 a 4500 | ||
|---|---|---|---|
| 001 | 000028160 | ||
| 005 | 20200930031411.0 | ||
| 008 | 110407s1998 dr a 000 0 spa d | ||
| 040 |
_aDO-SdBNP _bspa _cBNPHU |
||
| 100 | 1 |
_aPino, Francisco Alfonso _955158 |
|
| 245 | 1 | 0 |
_aPrograma apoyo al deporte en las escuela : _bFundamentos de ajedrez para profesores(as) y entrenadores (as) / _cFrancisco Alfonso Pino, Juanito Guerrero Samboy. |
| 260 |
_aSanto Domingo : _bSEDEFIR, _c1998. _fEditora Símbolo |
||
| 300 |
_a52 p. ; _c21 cm. |
||
| 504 | _aBibliografía : p. 52 | ||
| 700 | 1 |
_aGuerrero Samboy, Juanito _955159 |
|
| 710 | 2 |
_aSecretaría de Estado de Deportes, Educación Física Recreación _955160 |
|
| 049 | _aBNPD | ||
| 999 |
_c27652 _d27652 |
||